Konec nemocem? : nový pohled na zdraví a nemoc /

Hlavní autor: Agus, David, 1965-
Další autoři: Loberg, Kristin
Jazyk: Čeština
Vydáno: Praha : Fortuna Libri, 2012
Vydání: 1. vyd.
Edice: Fortuna praxis
Témata:
Fyzický popis: 346 s. ; 24 cm
Knihy
Uloženo v:
LEADER 01929nam a2200529 a 4500
001 nkc20122427214
003 CZ PrNK
005 20130218094608.0
007 ta
008 121119s2012 xr a e 001 0 cze
015 |a cnb002427214 
020 |a 978-80-7321-679-5  |q (váz.) 
035 |a (OCoLC)823821742 
040 |a ABA001  |b cze 
041 1 |a cze  |h eng 
072 7 |a 613  |x Hygiena. Lidské zdraví  |2 Konspekt  |9 14 
080 |a 616-092.11  |2 MRF 
080 |a 613  |2 MRF 
080 |a 616-08  |2 MRF 
080 |a 159.9  |2 MRF 
080 |a (0.062)  |2 MRF 
100 1 |a Agus, David,  |d 1965-  |7 jo2012735493  |4 aut 
245 1 0 |a Konec nemocem? :  |b nový pohled na zdraví a nemoc /  |c David B. Agus, Kristin Lobergová ; [přeložila Eva Brdičková] 
250 |a 1. vyd. 
260 |a Praha :  |b Fortuna Libri,  |c 2012 
300 |a 346 s. ;  |c 24 cm 
490 1 |a Fortuna praxis 
500 |a Přeloženo z angličtiny 
504 |a Obsahuje bibliografii a rejstřík 
650 0 7 |a zdraví a nemoc  |7 ph158519  |2 czenas 
650 0 7 |a zdravý životní styl  |7 ph127592  |2 czenas 
650 0 7 |a terapie  |7 ph116435  |x psychologické aspekty  |2 czenas 
650 0 9 |a health and disease  |2 eczenas 
650 0 9 |a healthy lifestyle  |2 eczenas 
650 0 9 |a therapy  |x psychological aspects  |2 eczenas 
655 7 |a populárně-naučné publikace  |7 fd131864  |2 czenas 
655 9 |a popular works  |2 eczenas 
700 1 |a Loberg, Kristin  |7 jo2012735494  |4 aut 
765 0 |t End of illness  |9 Česky 
830 0 |a Fortuna praxis  |0 s 
910 2 |a BOA001  |b 2-1297.114 
990 |a BK 
995 |a 01 
991 |b 201301  |c NOV  |e n 
996 6 |b 2610532678  |c 2-1297.114  |l MZK  |r Sklad / do 1 hodiny  |n 0  |p p.v.  |w 001305192  |u 000010  |a 1  |e BOA001  |j MZK50  |s P 
996 6 |b 2610536717  |c 2-1297.114  |l MZK  |r STM 6p  |n 0  |p kup  |h 613 AGU  |w 001305192  |u 000020  |a 0  |e BOA001  |j MZK50  |s P 
996 7 |b 2610536718  |c 2-1297.114  |l MZK  |r Sklad / do 1 hodiny  |n 2  |p kup  |w 001305192  |u 000030  |a 1  |e BOA001  |j MZK50  |s A